Science Quiz

Random Science Quiz

Plant List 5: Bottomland Forests Quiz Stats

 Plays Quiz not verified by Sporcle

Support Sporcle.
Go Orange.
Score 0/27 Timer 10:00
0 Plays Today
Common name Scientific name % Correct
Eastern RedbudCercis canadensis
97.9%
Black WalnutJuglans nigra
95.7%
Arrowwood ViburnumViburnum dentatum
95.7%
Winged EuonymusEuonymus alatus
95.7%
White MulberryMorus alba
93.6%
Common HoneylocustGleditsia triacanthos
91.5%
Red MulberryMorus rubra
91.5%
Wintercreeper EuonymusEuonymus fortunei
91.5%
Green AshFraxinus pennsylvanica
89.4%
Common HackberryCeltis occidentalis
87.2%
American ElmUlmus americana
87.2%
English WalnutJuglans regia
85.1%
Dwrf Winged EuonymusEuonymus alatus 'Compactus'
85.1%
Chinese ElmUlmus parvifolia
83%
Common name Scientific name % Correct
Virginia CreeperParthenocissus quinquefolia
80.9%
Frost GrapeVitis riparia
80.9%
Siberian ElmUlmus pumila
80.9%
Boston IvyParthenocissus tricuspidata
78.7%
Eastern WahooEuonymus atropurpureus
76.6%
Kentucky CoffeetreeGymnocladus dioicus
72.3%
American ElderberrySambucus canadensis
70.2%
Butternut HickoryCarya cordiformis
61.7%
Blue AshFraxinus quadrangulata
61.7%
Evergreen Bittersweet EuonymusEuonymus fortunei 'Vegetus'
59.6%
Purpleleaf wintercreeper EuonymusEuonymus fortunei var. coloratus
57.4%
ButternutJuglans cinerea
44.7%
Poison IvyRhus (Taxicodendron) radicans
40.4%

You're not logged in!

Compare scores with friends on all Sporcle quizzes.
OR
Log In

From the Vault

Celebrities Born in the '80s

by JedenPolska

By the 2060s, these celebs will be in their 80s.
Remove Ads.
Support Sporcle.
Get the best of Sporcle when you Go Orange. This ad-free experience offers more features, more stats, and more fun while also helping to support Sporcle. Thank you for becoming a member.

Show Comments

Extras

Created Oct 7, 2013ReportNominate
Tags:common, forest, Plants

Top Quizzes Today


Score Distribution

Your Account Isn't Verified!

In order to create a playlist on Sporcle, you need to verify the email address you used during registration. Go to your Sporcle Settings to finish the process.

Report this User

Report this user for behavior that violates our Community Guidelines.

Details: